| 000 | 00668nam a22002057a 4500 | ||
|---|---|---|---|
| 999 |
_c12197 _d12197 |
||
| 003 | AR-CdUCM | ||
| 008 | 190408b ||||| |||| 00| 0 spa d | ||
| 040 |
_aMUNICIPALIDAD PROVINCIAL DEL CUSCO _cBIBLIOTECA MUNICIPAL DEL CUSCO |
||
| 082 |
_a910.3 / _bC24 / 1869 |
||
| 100 |
_aCampano, D. L. _929925 |
||
| 245 | _aDiccionario de geografía antigua y moderna / | ||
| 260 |
_aLima : _bLibreria ( clásica y científica) _c1869. |
||
| 300 |
_a858 paginas ; _c22 cm. |
||
| 505 | _aContenido : Diccionario Geográfico | ||
| 650 |
_aDiccionario _95196 |
||
| 650 |
_aGeografia _9318 |
||
| 650 |
_aDescripciones _914121 |
||
| 942 |
_2ddc _cLIBROS |
||
| 945 |
_awnts _d2019-04-08 |
||